A hat. (Record no. 111747)
[ view plain ]
| 000 -LEADER | |
|---|---|
| fixed length control field | 00308nam a2200133 a 4500 |
| 005 - DATE AND TIME OF LATEST TRANSACTION | |
| control field | 20140414131921.0 |
| 008 - FIXED-LENGTH DATA ELEMENTS--GENERAL INFORMATION | |
| fixed length control field | 101022s19uu xx 00 eng d |
| 050 ## - LIBRARY OF CONGRESS CALL NUMBER | |
| Classification number | ER |
| Item number | Ah1 2006 |
| 100 ## - MAIN ENTRY--PERSONAL NAME | |
| Personal name | Trepicchio, Lynn |
| 245 ## - TITLE STATEMENT | |
| Title | A hat. |
| 260 ## - PUBLICATION, DISTRIBUTION, ETC. (IMPRINT) | |
| Name of publisher, distributor, etc | Harcourt, |
| Date of publication, distribution, etc | 2006. |
| Place of publication, distribution, etc | Orlando : |
| 440 ## - SERIES STATEMENT/ADDED ENTRY--TITLE | |
| Title | |
| Withdrawn status | Lost status | Damaged status | Home library | Current library | Shelving location | Date acquired | Total Checkouts | Full call number | Barcode | Date last seen | Price effective from | Koha item type |
|---|---|---|---|---|---|---|---|---|---|---|---|---|
| Munich Library | Munich Library | Easy Reading Section | 10/22/2010 | ER Ah1 2006 | M2627 | 04/14/2014 | 04/14/2014 | Books |